| 000 | 00000nam##2200000za#4500 |
| 001 | 9.602734 |
| 003 | CaOODSP |
| 005 | 20210624210724 |
| 007 | cr ||||||||||| |
| 008 | 150406|2000||||xxc|||||o f|0| 0 fre|d |
| 040 | |aCaOODSP|bfre |
| 043 | |an-cn--- |
| 086 | 1 |aFo29-47/23-2000F-PDF |
| 110 | 1 |aCanada.|bRessources naturelles Canada. |bService canadien des forêts. |
| 245 | 13|aLe recours à l'échantillonnage linéaire pour prédire les populations du dendroctone de l'épinette dans les résidus de coupe|h[ressource électronique]|c[par] L. Safranyik et D.A. Linton. |
| 260 | |aVictoria - Colombie Britannique : |bRessources naturelles Canada. |cNovembre 2000. |
| 300 | |a4p.|bfigure, photographies |
| 490 | 1 |aNotes de transfert technologique|vN° 23 |
| 500 | |aLe n° de catalogue (Fo29-47/23-2000F) de l'édition imprimée française et l'ISBN (0-662-29053-4) de l'édition imprimée anglaise ont été incorrectement copiés dans l'édition électronique. |
| 504 | |aBibliographie. |
| 590 | |a11-30-Supp|b2011-12-02 |
| 691 | 07|aInsecte|2gcpds |
| 691 | 07|aArbre|2gcpds |
| 720 | 1 |aSafranyik, L. |
| 720 | 1 |aLinton, D. A. |
| 775 | 08|tUsing line intersect sampling to predict spruce beetle populations in logging residue|w(CaOODSP)9.572377 |
| 776 | 0#|tLe recours à l'échantillonnage linéaire pour prédire les populations du dendroctone de l'épinette dans les résidus de coupe|w(CaOODSP)9.625573 |
| 830 | #0|aNotes de transfert technologique ;|vN° 23|w(CaOODSP)9.501177 |
| 856 | 40|ahttp://publications.gc.ca|qPDF|s568 Ko|uhttps://publications.gc.ca/collections/Collection/Fo29-47-23-2000F.pdf|yN° 23 |